Detalles MARC
| 000 -LÍDER |
| Campo fijo de descripción fija |
02281aam a2200325 i 4500 |
| 001 - NÚMERO DE CONTROL |
| Campo de control |
768714001 |
| 003 - IDENTIFICADOR DEL NÚMERO DE CONTROL |
| Campo de control |
CO-MdFUSB |
| 005 - FECHA Y HORA DE LA ULTIMA TRANSACCIÓN |
| control field |
20250731082253.0 |
| 007 - CAMPO FIJO DE DESCRIPCIÓN FIJA--INFORMACIÓN GENERAL |
| Campo fijo de descripción fija |
cr aa aaaaa |
| 008 - ELEMENTOS DE LONGITUD FIJA -- INFORMACIÓN GENERAL |
| Campo fijo de descripción fija -- Información general |
240408t2011 ck ||||| |||| 00| 0 spa d |
| 040 ## - FUENTE DE CATALOGACIÓN |
| Agencia que realiza la transcripción |
CO-MdFUSB |
| 100 1# - ASIENTO PRINCIPAL--NOMBRE PERSONAL |
| Nombre personal |
Zambrano Carvajal, Erika |
| Término relacionador |
autor |
| 245 10 - TÍTULO |
| Título del Material |
Una respuesta bíblica y pastoral a la teología gay |
| Mención de responsabilidad, etc. |
/ Erika Zambrano Carvajal , Moisés Daniel Gambin Marriaga , Juan Alexander Castaño Vélez ; asesorado por Fernando Abilio Mosquera Brand |
| Medio físico |
[electrónico] |
| 264 ## - PRODUCTION, PUBLICATION, DISTRIBUTION, MANUFACTURE, AND COPYRIGHT NOTICE |
| Lugar de procducción, publication, distribution, manufacture |
Medellín, Colombia : |
| Nombre del productor, publicador, distribuidor y manofactura |
FUSBC, |
| Fecha de producción, distribución, manufactura, o nota de copyright |
[2011] |
| 300 ## - DESCRIPCIÓN FÍSICA |
| Extensión |
116 páginas |
| 336 ## - TIPO DE CONTENIDO |
| Fuente |
rdacontent |
| Tipo de contenido |
texto |
| Content type code |
txt |
| 337 ## - TIPO DE MEDIO |
| Fuente |
rdamedia |
| Tipo de medio |
informático |
| Código |
c |
| 338 ## - TIPO DE SOPORTE |
| Fuente |
rdacarrier |
| rdacarrier |
remoto |
| Código |
cr |
| 502 ## - NOTA DE TESIS |
| Nota de Tesis |
Trabajo de grado |
| Tipo de estudio |
Teología -- |
| Nombre de la Institución del grado |
Fundación Universitaria Seminario Bíblico de Colombia, |
| Año de graduación |
2011 |
| 505 ## - NOTA DE CONTENIDO |
| Nota de contenido con formato preestablecido |
El posmodernismo, surgimiento de nuevas corrientes teológicas -- Surgimientos e impulsores del movimiento gay -- Historia de la teología gay -- Respuesta bíblica a la teología gay -- Una respuesta pastoral para la teología gay |
| 520 ## - NOTA DE RESUMEN, ETC. |
| Nota de sumario, etc. |
El tema de la teología gay aunque ya ha sido explorado en algunos campos del quehacer teológico, no así dentro del contexto de la iglesia cristiana. Algunas personas al oír de este tema les causa asombro y curiosidad por su es conocimiento, situación que tampoco permite al homosexual encontrar pautas que le brinden orientación y acompañamiento con relación a Dios. Por lo anterior, se levantaron las preguntas ¿Cuál es la respuesta bíblica y pastoral a la teología gay? y ¿Cómo ofrecer herramientas prácticas a la iglesia y al homosexual en busca de una sanidad? Para resolver los interrogantes anteriores se investigó acerca de la teología gay, su historia y postulados, además de realizar un acercamiento exegético a algunos textos bíblicos que han sido utilizados por los defensores de dicha teología. |
| 535 ## - LOCALIZACIÓN DE ORIGINALES / DUPLICADOS Y NOTAS |
| Custodian |
Recurso en REPCI |
| 650 10 - ASIENTO SECUNDARIO DE MATERIA - TERMINO TEMÁTICO |
| Término temático o nombre geográfico como elemento de entrada |
Sexo |
| 9 (RLIN) |
1346 |
| 653 ## - TERMINO DE INDIZACION - NO CONTROLADO |
| Término de indización no controlado |
Teología gay |
| 700 ## - ASIENTO SECUNDARIO - NOMBRE PERSONAL |
| Nombre personal |
Gambin Marriaga, Moisés Daniel, |
| 9 (RLIN) |
9204 |
| Responsabilidad |
autor |
| 700 ## - ASIENTO SECUNDARIO - NOMBRE PERSONAL |
| Nombre personal |
Castaño Vélez, Juan Alexander, |
| 9 (RLIN) |
9205 |
| Responsabilidad |
autor |
| 700 ## - ASIENTO SECUNDARIO - NOMBRE PERSONAL |
| Nombre personal |
Mosquera Brand, Fernando Abilio, |
| 9 (RLIN) |
850 |
| Responsabilidad |
asesor |
| 856 ## - LOCALIZACIÓN Y ACCESO ELECTRÓNICOS |
| Nombre del sitio |
REPCI |
| Identificador Uniforme del Recurso |
https://repositorio.repci.co/handle/123456789/677 |
| 942 ## - TIPO DE MATERIAL (KOHA) |
| Tipo de Item KOHA |
Trabajos de Grado |